Municípios da Região Geográfica Imediata de Toledo, Paraná - Statistics

Estatísticas Gerais
  • Esse quiz foi jogado 25 vezes
  • A pontuação média é 6 de 14
Estatísticas das Respostas
Inicial Resposta % Correto
T Toledo
100%
P Palotina
75%
A Assis Chateaubriand
50%
I Iracema do Oeste
50%
J Jesuítas
50%
T Tupãssi
50%
F Formosa do Oeste
25%
G Guaíra
25%
M Maripá
25%
O Ouro Verde do Oeste
25%
S Santa Helena
25%
S São José das Palmeiras
25%
S São Pedro do Iguaçu
25%
T Terra Roxa
25%
Nenhum quiz correspondente encontrado
Distribuição das Pontuações
Porcentagem de Pessoas com Cada Pontuação
Percentil de Números Respondidos
Sua Pontuação Histórica
Você não jogou esse quiz